| 000 | 00000nam##2200000za#4500 |
| 001 | 9.696910 |
| 003 | CaOODSP |
| 005 | 20210624235239 |
| 007 | cr ||||||||||| |
| 008 | 150407|2007||||xxc|||||o f|0| 0 eng|d |
| 040 | |aCaOODSP|beng |
| 043 | |an-cn--- |
| 086 | 1 |aH128-1/07-515E-PDF |
| 110 | 1 |aCanada. |bHealth Canada. |
| 245 | 10|aRadon - what you need to know |h[electronic resource] |
| 260 | |aOttawa - Ontario : |bHealth Canada |cc2007. |
| 300 | |a4p.|bphotographs |
| 500 | |aThe catalogue number (H128-1/07-515E) and ISBN (978-0-662-46970-4) for the print edition have been incorrectly copied in this electronic publication. |
| 520 | 3 |aThis information sheet provides information to homeowners on radon. It gives a short overview of the possible risks to your health, how radon gets into the home, how you can find out the level of radon in your home, and what to do if the amount is above the Canadian guideline. |
| 590 | |a12-42-Supp|b2012-11-21 |
| 690 | 07|aEnvironmental hazards|2gcpds |
| 775 | 08|tRadon - ce que vous devez savoir |w(CaOODSP)9.640989 |
| 776 | 0#|tRadon - what you need to know |w(CaOODSP)9.650922 |
| 856 | 40|ahttp://publications.gc.ca|qPDF|s485 KB|uhttps://publications.gc.ca/collections/collection_2012/sc-hc/H128-1-07-515-eng.pdf |
| 986 | |aHC Pub. : 4928 |